zpět

Detail výsledku týmu

The Pub Praha 2 PO, Praha

Datum a čas kvízu

25.5 Celkem bodů Celkový počet nahraných bodů na tomto kvízu bez doplňovacích otázek.
13. Pořadí na kvízu Konečné umístění týmu na tomto kvízu.

Zaznamenané odpovědi

# Otázka Odpověď Body Výsledky
1. V nemocniční lékárně v jistém... C 0
2. Greta Thunberg opět protestova... v Norsku 1
3. Minulý týden se jedna z hereče... Courteney Cox 0
4. I pouhým okem byla minulý týde... Venuše, Jupiter 1
5. Minulý týden padl ve sportovní... Steffi Graf 0
6. Další díl našeho nepravidelnéh... F. D. Roosevelt, W. Churchill 1
7. V roce 1943 vedly sovětská a n... Charkov 1
8. V první polovině roku 1943 též... Guadalcanal 0
9. V červenci 1943 se spojenecké... Sicílie 1
10. V roce 1943 se definitivně roz... D) palma 0